| 000 | 00628nam a22001937a 4500 | ||
|---|---|---|---|
| 999 |
_c18181 _d18181 |
||
| 008 | 200127b xxu||||| |||| 00| 0 eng d | ||
| 020 | _a0801448485 | ||
| 040 |
_aKABU _cKABU |
||
| 050 |
_aJK1994 _b.M56 2010 c. 1 |
||
| 100 | _aMinnite, Lorraine C. | ||
| 245 |
_aThe Myth of voter fraud _cLorraine C. Minnite |
||
| 260 |
_aLondon _bCornell University Press _c2010 |
||
| 300 | _aviii, 298 p. | ||
| 650 |
_aElections _xCorrupt practices _zUnited States |
||
| 650 |
_aPolitical corruption _zUnited States |
||
| 650 |
_aVoting _zUnited States |
||
| 650 |
_aUnited States _xPolitics and government |
||
| 942 |
_2lcc _cBK _hJK1994 |
||